Territorios de Francia - Estadísticas

Estadísticas generales
  • Esta prueba ha sido intentada 15 veces
  • La puntuación promedio es 6 de 11
Estadísticas de respuestas
Territorio % Correcto
Polinesia Francesa
100%
Reunión
70%
Nueva Caledonia
60%
Guadalupe
50%
Guayana Francesa
50%
Martinica
50%
Mayotte
40%
San Martín
40%
San Bartolomé
30%
San Pedro y Miquelón
30%
Wallis y Futuna
30%
No se encontraron pruebas coincidentes
Distribución de puntuación
Porcentaje de gente con cada puntuación
Porcentaje por número respondido
Historial de tus puntuaciones
No has intentado esta prueba.